La familia

Gardado en:
Detalles Bibliográficos
Autor Principal: Leclercq, Jacques (Author)
Formato: Libro
Idioma:Lingua castelá
Publicado: Barcelona Herder 1961
Series:Biblioteca Herder. Sección de Ciencias Sociales, 39
Subjects:
Tags: Engadir etiqueta
Sen Etiquetas, Sexa o primeiro en etiquetar este rexistro!

MARC

LEADER 00000nam a2200000 a 4500
001 UCZ2349
003 CL-VaPUC
008 950929e19610000SP |||||||||||||||||spa|d
082 0 4 |a 306.85  |b LEC  |2 21 
100 |a Leclercq, Jacques  |e author  |9 581394 
245 1 3 |a La familia 
300 |a 384 p 
942 |c BK 
945 |d 19950929 00:00:00  |a lriquelm 
260 |a Barcelona  |b Herder  |c 1961 
650 0 |a Familias   |9 255641 
650 0 |a Sociología   |9 255410 
650 0 |a Conceptos morales   |9 310606 
650 7 |a MATRIMONIO  |2 CL-VaPUC  |9 346117 
650 0 |a Ética  |9 255099 
650 7 |a CONTROL DE LA NATALIDAD  |2 CL-VaPUC  |9 308234 
650 0 |a Mujeres  |9 257649 
650 0 |a Niños  |9 255605 
583 |a last modification  |c 19950929 00:00:00  |k Rodrigo Vera 
490 0 |a Biblioteca Herder. Sección de Ciencias Sociales, 39 
999 |c 238975  |d 238973 
952 |0 0  |1 0  |4 0  |6 306_850000000000000_LEC_1961  |7 0  |8 A  |9 249710  |a BIBGIM  |b BIBGIM  |d 2019-11-18  |i 1983776  |o 306.85 LEC 1961  |p 1983776  |r 2025-01-15  |w 2019-11-18  |y BK  |k SSL